000 01467nam a22002297a 4500
999 _c60609
_d60609
003 Ge_BSU
005 20230920174006.0
008 230920s2012 ge ||||| |||| 00| 0 geo d
041 _ageo
080 _a821.411.21 ი-93
100 _aიუნისი, იმან ჰუმაიდან
_919855
245 _aველური თუთა /
_cიმან ჰუმაიდან იუნისი; არაბულიდან თარგმნა დარეჯან გარდავაძემ; პროექტის ავტორები: ზვიად კვარაცხელია, გვანცა ჯობავა; რედაქტორი: რუსუდან კოტეტიშვილი.
264 _aთბილისი:
_bინტელექტი,
_c2021.
300 _a154 გვ.;
_b21 სმ.
490 _aარაბული ლიტერატურის ბიბლიოთეკა
653 _aარაბული ლიტერატურა
653 _aმხატვრული ლიტერატურა
700 _aგარდავაძე, დარეჯან
_eმთარგმნელი
_92409
700 _aკოტეტიშვილი, რუსუდან
_e რედაქტორი
_95659
700 _aჭანიშვილი, ქეთევან
_eგარეკანის დიზაინი
_919856
942 _2udc
_cBK